Leading innovasian : embedding innovation culture in Malaysian organizations.
| Main Author: | |
|---|---|
| Other Authors: | |
| Format: | Book |
| Published: |
Kuala Lumpur:
Alpha Catalyst Consulting,
2010.
|
| Subjects: |
| LEADER | 00550cam a2200169 7i4500 | ||
|---|---|---|---|
| 001 | 0000026060 | ||
| 005 | 20110413090000.0 | ||
| 020 | 0 | 0 | |a 978671007808 |
| 090 | 0 | 0 | |a B 658.4063 |b AZI |
| 100 | 1 | 0 | |a Azim Pawanchik |
| 245 | 1 | 0 | |a Leading innovasian : |b embedding innovation culture in Malaysian organizations. |
| 260 | 0 | 0 | |a Kuala Lumpur: |b Alpha Catalyst Consulting, |c 2010. |
| 300 | # | # | |a 135 p. |
| 650 | 0 | 0 | |a Technological innovations -- |z Malaysia |
| 651 | 0 | 0 | |a Malaysia |
| 700 | 1 | 1 | |a Suraya Sulaiman, |h Dr. |
| 999 | |a B000028465 |b Book |c Book |e Business Information Centre | ||